Missing Word: 'H' Authors Quiz Stats

 Plays Quiz Updated Jan 18, 2016

Challenge
Share
Tweet
Embed
Score 0/20 Timer 04:00
0 Plays Today
Writer Answer % Correct
_____ Christian AndersenHans
97%
Ernest _____Hemingway
96.9%
_____ LeeHarper
96.1%
_____ David ThoreauHenry
94.7%
_____ MelvilleHerman
94.1%
Victor _____Hugo
93.1%
_____ Beecher StoweHarriet
93.1%
Nathaniel _____Hawthorne
89.9%
Aldous _____Huxley
87.5%
L. Ron _____Hubbard
83.2%
Writer Answer % Correct
_____ S. ThompsonHunter
73.6%
_____ IbsenHenrik
71.3%
Alex _____Haley
71%
Dashiell _____Hammett
62.4%
_____ PinterHarold
59.6%
Hermann _____Hesse
57.2%
Frank _____Herbert
53.8%
_____ FieldingHelen
50%
_____ de BalzacHonoré
48.9%
Zora Neale _____Hurston
39.7%

Today's Daily Dose

You're not logged in!

Compare scores with friends on all Sporcle quizzes.
Join for Free
OR
Log In

You Might Also Like...

Show Comments

Extras

Top Quizzes Today


Score Distribution

Your Account Isn't Verified!

In order to create a playlist on Sporcle, you need to verify the email address you used during registration. Go to your Sporcle Settings to finish the process.

Report this User

Report this user for behavior that violates our Community Guidelines.

Details: